Agriculture and intellectual property rights : (Record no. 95)

MARC details
000 -LEADER
fixed length control field 00974nam a22002537a 4500
001 - CONTROL NUMBER
control field BD-DhSAU 95
003 - CONTROL NUMBER IDENTIFIER
control field BD-DhSAU
005 - DATE AND TIME OF LATEST TRANSACTION
control field 20140609110002.0
008 - FIXED-LENGTH DATA ELEMENTS--GENERAL INFORMATION
fixed length control field 140109b ii a|||| |||| 001 0 eng d
020 ## - INTERNATIONAL STANDARD BOOK NUMBER
International Standard Book Number 8173714266
040 ## - CATALOGING SOURCE
Transcribing agency BD-DhSAU
082 ## - DEWEY DECIMAL CLASSIFICATION NUMBER
Edition number 22
Classification number 323.46 / AGR
245 ## - TITLE STATEMENT
Title Agriculture and intellectual property rights :
Remainder of title Economic, institutional and implementation issues in biotechnology
Statement of responsibility, etc. V. Santaniello, R E Evenson, D. Zilberman and G. A. Carlson[Edior]
260 ## - PUBLICATION, DISTRIBUTION, ETC. (IMPRINT)
Place of publication, distribution, etc. India:
Name of publisher, distributor, etc. Universities Press,
Date of publication, distribution, etc. 1998.
300 ## - PHYSICAL DESCRIPTION
Extent ix, 260 p. :
Dimensions 25 cm.
504 ## - BIBLIOGRAPHY, ETC. NOTE
Bibliography, etc Include index.
650 ## - SUBJECT ADDED ENTRY--TOPICAL TERM
Topical term or geographic name as entry element Biotechnology
650 ## - SUBJECT ADDED ENTRY--TOPICAL TERM
Topical term or geographic name as entry element Agricultural property rights
700 ## - ADDED ENTRY--PERSONAL NAME
Personal name Santaniello, V.
700 ## - ADDED ENTRY--PERSONAL NAME
Personal name Evenson, R E
700 ## - ADDED ENTRY--PERSONAL NAME
Personal name Zilberman, D.
700 ## - ADDED ENTRY--PERSONAL NAME
Personal name Carlson, G. A.
856 ## - ELECTRONIC LOCATION AND ACCESS
Uniform Resource Identifier <a href="http://books.google.com.bd/books?id=ak-J8oVhYlwC&printsec=frontcover&dq=8173714266&hl=en&sa=X&ei=UGrOUs7TAsqArge-g4GgBA&redir_esc=y#v=onepage&q=8173714266&f=false">http://books.google.com.bd/books?id=ak-J8oVhYlwC&printsec=frontcover&dq=8173714266&hl=en&sa=X&ei=UGrOUs7TAsqArge-g4GgBA&redir_esc=y#v=onepage&q=8173714266&f=false</a>
942 ## - ADDED ENTRY ELEMENTS (KOHA)
Source of classification or shelving scheme Dewey Decimal Classification
Koha item type Book
Holdings
Withdrawn status Lost status Source of classification or shelving scheme Damaged status Not for loan Home library Branch Name Date acquired Total Checkouts Full call number Barcode Date last seen Price effective from Koha item type Shelving location Collection code
    Dewey Decimal Classification     SAU Library SAU Library 09/01/2014   323.46 / AGR 32842 09/01/2014 09/01/2014 Book    
    Dewey Decimal Classification     SAU Library SAU Library 28/10/2007   323.46 / AGR 32839 10/02/2015 10/02/2015 Book General Stacks  
    Dewey Decimal Classification     SAU Library SAU Library 28/10/2007   323.46 / AGR 32840 10/02/2015 10/02/2015 Book General Stacks  
    Dewey Decimal Classification   Not For Loan SAU Library SAU Library 28/10/2007   323.46 / AGR 32838 28/05/2015 28/05/2015 Book Reference Reference